000 00484cam a2200193ua 4500
001 10478
008 190301n ii |||gr||||Z||||||mul
020 _a9789381485521
040 _cMAIN
041 _amul
082 _a491.4391451
100 _aRamnath Prasad,
_eCompiler.
245 _aHindi Assamese English Dictionary
250 _a2nd ed.
260 _aGuwahati:
_bJyoti prakashan,
_c2016.
300 _a909p.
653 _aEast Indo-European & Celtic languages
942 _cBK
999 _c9463
_d9463